Stranger Things Episodes - Statistics

General Stats
  • This quiz has been taken 18 times
  • The average score is 36 of 42
Answer Stats
Hint Answer % Correct
Season 1 The Vanishing of Will Byers
100%
SO4EO4 Dear Billy
90%
SO5EO6 Escape from Camazotz
90%
Season 2 MADMAX
90%
SO5EO4 Sorcerer
90%
SO3EO1 Suzie, Do You Copy?
90%
SO3EO8 The Battle of Starcourt
90%
SO3EO7 The Bite
90%
SO3EO3 The Case of the Missing Lifeguard
90%
SO5EO1 The Crawl
90%
SO3EO5 The Flayed
90%
SO1EO5 The Flea and the Acrobat
90%
SO2EO9 The Gate
90%
Season 4 The Hellfire Club
90%
SO2EO7 The Lost Sister
90%
SO3EO2 The Mall Rats
90%
SO4EO7 The Massacre at Hawkins Lab
90%
SO1EO6 The Monster
90%
SO4EO9 The Piggyback
90%
SO2EO3 The Pollywog
90%
SO5EO8 The Rightside Up
90%
SO2EO6 The Spy
90%
SO1EO8 The Upside Down
90%
Season 3 Trick or Treat, Freak
90%
SO3EO6 E Pluribus Unum
80%
SO1EO3 Holly, Jolly
80%
SO4EO8 Papa
80%
SO5EO5 Shock Jock
80%
SO1EO7 The Bathtub
80%
SO1EO4 The Body
80%
SO4EO6 The Dive
80%
SO2EO8 The Mind Flayer
80%
SO4EO3 The Monster and the Superhero
80%
SO4EO5 The Nina Project
80%
SO5EO3 The Turnbow Trap
80%
SO5EO2 The Vanishing of Holly Wheeler
80%
SO1EO2 The Weirdo on Maple Street
80%
SO4EO2 Vecna's Curse
80%
SO2EO4 Will the Wise
80%
SO2EO5 Dig Dug
70%
SO5EO7 The Bridge
70%
SO3EO4 The Sauna Test
70%
No matching quizzes found
Score Distribution
Percent of People with Each Score
Percentile by Number Answered
Your Score History
You have not taken this quiz